[Event "Druzynowe Mistrzostwa Polski w Szachach I LIGA 2021"]
[Site "Szklarska Poreba"]
[Date "1899-12-30"]
[Round "9.22"]
[White "Nurkiewicz, Maciej"]
[Black "Golecki, Jan"]
[Result "0-1"]
[WhiteTitle "m"]
[BlackTitle "k"]
[WhiteElo "2339"]
[BlackElo "2249"]

1. Nf3 d5 2. d4 Nf6 3. g3 e6 4. Bg2 c6 5. O-O Be7 6. c4 O-O 7. Qc2 b6 8. Nbd2 Bb7
9. e4 dxe4 10. Nxe4 Na6 11. Rd1 Qc8 12. Nfg5 Nxe4 13. Qxe4 Bxg5 14. Bxg5 Qd7 15.
a3 Rab8 16. Bf4 c5 17. Qe2 Bxg2 18. Bxb8 Ba8 19. Bf4 cxd4 20. Be5 Nc5 21. b4 f6
22. Bf4 Ne4 23. Rac1 Nc3 24. Rxc3 Qc6 25. Rf3 e5 26. Kg2 g5 27. h3 gxf4 28. b5
Qb7 29. Rb1 Kh8 30. Rbb3 d3 31. Qd1 Re8 32. Rb2 Rd8 33. Rb3 Qxf3+ 0-1

[Event "Druzynowe Mistrzostwa Polski w Szachach I LIGA 2021"]
[Site "Szklarska Poreba"]
[Date "1899-12-30"]
[Round "9.23"]
[White "Rozycki, Bartlomiej"]
[Black "Bartel, Michal"]
[Result "1-0"]
[WhiteTitle "k++"]
[BlackTitle "FM"]
[WhiteElo "2196"]
[BlackElo "2181"]

1. d4 d6 2. e4 e5 3. Nf3 Nf6 4. Nc3 exd4 5. Nxd4 Nc6 6. Nxc6 bxc6 7. Bg5 Be7 8.
Bd3 O-O 9. O-O Rb8 10. b3 h6 11. Bh4 d5 12. exd5 cxd5 13. Nb5 Bg4 14. Qe1 Re8
15. Qa5 c6 16. Qxd8 Bxd8 17. Nd4 Bd7 18. Rfe1 Ba5 19. Rxe8+ Nxe8 20. Rd1 g6 21.
c4 Bb6 22. Nf3 Bg4 23. cxd5 Bxf3 24. gxf3 cxd5 25. Bf1 Nc7 26. Bf6 Re8 27. b4
Re6 28. Bc3 Rc6 29. Bd2 Rc2 30. a4 Rb2 31. a5 Bd4 32. Be2 Ne6 33. Kf1 g5 34. Be1
Kf8 35. Ba6 Bf6 36. Rxd5 Rb1 37. Be2 Nd4 38. Bd3 Ra1 39. Be4 Ne6 40. Rd3 Be7 41.
Rb3 Nd4 42. Rb1 Rxb1 43. Bxb1 Nxf3 44. Bc3 Nxh2+ 45. Ke2 Ng4 46. b5 Bc5 47. b6
Ke8 48. f3 Nh2 49. Be5 axb6 50. a6 b5 51. Bxh2 Ba7 52. Bf5 h5 53. Be5 1-0

[Event "Druzynowe Mistrzostwa Polski w Szachach I LIGA 2021"]
[Site "Szklarska Poreba"]
[Date "1899-12-30"]
[Round "9.24"]
[White "Kulon, Klaudia"]
[Black "Moscicka, Pola"]
[Result "1-0"]
[WhiteTitle "IM"]
[BlackTitle "k++"]
[WhiteElo "2332"]
[BlackElo "1916"]

1. c4 e5 2. g3 Nc6 3. Bg2 g6 4. Nc3 Bg7 5. e3 f5 6. Nge2 Nf6 7. d3 d6 8. Rb1 O-O
9. b4 Kh8 10. b5 Ne7 11. O-O g5 12. f4 h6 13. d4 e4 14. fxg5 hxg5 15. d5 Qe8 16.
Nd4 Ng4 17. Qe2 Qg6 18. b6 cxb6 19. Ncb5 Rb8 20. Ba3 Rd8 21. Nxa7 Bd7 22. Rxb6
Be5 23. h3 Nh6 24. Bxd6 Bxd6 25. c5 Nf7 26. cxd6 Nxd5 27. Qb2 Kh7 28. Rxb7 Rxb7
29. Qxb7 Nxe3 30. Nac6 Qxd6 31. Nxf5 Nxf5 32. Nxd8 Nxd8 33. Qxe4 Qc5+ 34. Kh2
Kh6 35. Qd3 Qe5 36. Qxd7 Nxg3 37. Rd1 Ne2+ 38. Kh1 Ng3+ 39. Kg1 Ne2+ 40. Kf2 Qg3+
41. Kf1 Qf4+ 42. Kxe2 Qd2+ 1-0

[Event "Druzynowe Mistrzostwa Polski w Szachach I LIGA 2021"]
[Site "Szklarska Poreba"]
[Date "1899-12-30"]
[Round "9.25"]
[White "Marszalek, Maciej"]
[Black "Paszewski, Mateusz"]
[Result "1/2-1/2"]
[WhiteTitle "FM"]
[BlackTitle "FM"]
[WhiteElo "2291"]
[BlackElo "2282"]

1. d4 Nf6 2. c4 e6 3. g3 d5 4. Nf3 Be7 5. Bg2 O-O 6. O-O Nbd7 7. Qc2 c6 8. Nbd2
b6 9. e4 dxc4 10. Nxc4 Bb7 11. b3 1/2-1/2

[Event "Druzynowe Mistrzostwa Polski w Szachach I LIGA 2021"]
[Site "Szklarska Poreba"]
[Date "1899-12-30"]
[Round "9.26"]
[White "Koziorowicz, Michal"]
[Black "Pulpan, Jakub"]
[Result "1/2-1/2"]
[WhiteTitle "k+"]
[BlackTitle "IM"]
[WhiteElo "2274"]
[BlackElo "2418"]

1. e4 e5 2. Nf3 Nc6 3. Bc4 Be7 4. d4 d6 5. O-O Nf6 6. dxe5 Nxe5 7. Nxe5 dxe5 8.
Qxd8+ Bxd8 9. f3 c6 10. Be3 Bb6 11. Kf2 Ke7 12. a4 Bxe3+ 13. Kxe3 Rd8 14. a5 Rb8
15. Nd2 b5 16. axb6 axb6 17. Ra7+ Rd7 1/2-1/2

[Event "Druzynowe Mistrzostwa Polski w Szachach I LIGA 2021"]
[Site "Szklarska Poreba"]
[Date "1899-12-30"]
[Round "9.27"]
[White "Licznerski, Lukasz"]
[Black "Ciesla, Adam"]
[Result "1/2-1/2"]
[WhiteTitle "FM"]
[BlackTitle "m"]
[WhiteElo "2387"]
[BlackElo "2276"]

1. e4 e5 2. Nf3 Nc6 3. Bb5 Nge7 4. O-O g6 5. c3 a6 6. Ba4 Bg7 7. d4 exd4 8. cxd4
b5 9. Bb3 O-O 10. d5 Na5 11. Bd2 Nxb3 12. Qxb3 c5 13. dxc6 dxc6 14. Bc3 Be6 15.
Qa3 Bxc3 16. Nxc3 Nc8 17. Qc5 Nb6 18. Nd4 Nd7 19. Qxc6 Bc4 20. Rfd1 Ne5 21. Qc5
Qg5 22. Nd5 Bxd5 23. exd5 Rfc8 24. Qb4 Rc4 25. Qd2 Qxd2 26. Rxd2 Rd8 27. Nb3 Rg4
28. Rdd1 Nc4 29. Rab1 Rg5 30. Nc5 Rgxd5 31. Rxd5 Rxd5 32. Nxa6 Nxb2 33. Nc7 Rc5
34. h3 Rxc7 35. Rxb2 1/2-1/2

[Event "Druzynowe Mistrzostwa Polski w Szachach I LIGA 2021"]
[Site "Szklarska Poreba"]
[Date "1899-12-30"]
[Round "9.28"]
[White "Tomaszewski, Roman"]
[Black "Pinski, Jan"]
[Result "0-1"]
[WhiteTitle "IM"]
[BlackTitle "IM"]
[WhiteElo "2193"]
[BlackElo "2337"]

1. Nf3 Nc6 2. c4 e5 3. Nc3 Nf6 4. g3 d5 5. cxd5 Nxd5 6. Bg2 Nde7 7. O-O g6 8. d4
exd4 9. Nb5 Bg7 10. Bf4 Nd5 11. Bg5 Nde7 12. Bf4 Nd5 13. Bg5 Qd7 14. Qb3 O-O 15.
Rad1 h6 16. Bc1 Nb6 17. Nbxd4 Nxd4 18. Nxd4 Qa4 19. Nb5 Qxb3 20. axb3 c6 21. Nd6
Bg4 22. f3 Be6 23. Nxb7 Bxb3 24. Rd6 Ba4 25. Nc5 Bb5 26. b3 Bxe2 27. Re1 Bb5 28.
Red1 Nd5 29. Bf1 0-1

[Event "Druzynowe Mistrzostwa Polski w Szachach I LIGA 2021"]
[Site "Szklarska Poreba"]
[Date "1899-12-30"]
[Round "9.29"]
[White "Brzeski, Maciej"]
[Black "Kaliszuk, Kamil"]
[Result "1/2-1/2"]
[WhiteTitle "m"]
[BlackTitle "I+"]
[WhiteElo "2358"]
[BlackElo "1717"]

1. e4 c5 2. Nf3 e6 3. d4 cxd4 4. Nxd4 Nf6 5. Nc3 Nc6 6. g3 Qc7 7. Bg2 a6 8. O-O
Nxd4 9. Qxd4 Bc5 10. Qd3 d6 11. Bf4 h6 12. Na4 e5 13. Nxc5 dxc5 14. Be3 Ng4 15.
Bd2 O-O 16. f4 c4 17. Qe2 exf4 18. gxf4 Qb6+ 19. Kh1 Qxb2 20. h3 c3 21. Bxc3 Qxc3
22. hxg4 Bd7 23. Rae1 Qg3 24. f5 Rac8 25. c4 b5 26. e5 Rxc4 27. e6 Bc6 28. Bxc6
Rxc6 29. exf7+ Kh8 30. Rc1 Rf6 31. Qf3 Qxf3+ 32. Rxf3 R8xf7 33. Rc8+ Rf8 34. Rc7
Rd6 35. Kg2 Rd2+ 36. Rf2 Rfd8 37. Rc2 Rxc2 38. Rxc2 Rd4 39. Kg3 Ra4 40. Kh4 Kg8
41. Kh5 Kf7 42. g5 hxg5 43. Kxg5 Ra3 44. Kf4 a5 45. Ke5 b4 46. Rd2 Re3+ 47. Kf4
Ra3 48. Ke5 Rc3 49. Rd5 Re3+ 50. Kf4 Ra3 51. Rd2 Kf6 52. Rd6+ Ke7 53. Rd2 a4 54.
Rd4 b3 55. axb3 axb3 56. Rb4 Kd6 57. Ke3 b2+ 58. Kf2 Ra2 59. Ke3 Kc5 60. Rb7 Kc4
61. Rc7+ Kb3 62. Rb7+ Kc3 63. Rc7+ Kb3 64. Rb7+ Kc2 65. Rc7+ Kd1 66. Rxg7 b1=Q
67. Rg1+ Kc2 68. Rxb1 Kxb1 69. Ke4 Kc2 70. f6 Kc3 71. Kd5 Ra6 72. Ke5 Ra7 73.
Ke6 Kd4 74. f7 Ra8 75. Ke7 Ra7+ 76. Ke6 Ra8 77. Ke7 Ke5 78. f8=Q Ra7+ 79. Ke8
Ra8+ 80. Ke7 Rxf8 81. Kxf8 1/2-1/2

[Event "Druzynowe Mistrzostwa Polski w Szachach I LIGA 2021"]
[Site "Szklarska Poreba"]
[Date "1899-12-30"]
[Round "9.30"]
[White "Lach, Aleksandra"]
[Black "Michna, Marta"]
[Result "1/2-1/2"]
[WhiteTitle "WIM"]
[BlackTitle "WGM"]
[WhiteElo "2157"]
[BlackElo "2323"]

1. e4 d6 2. d4 Nf6 3. Nc3 e5 4. Nf3 Nbd7 5. Rg1 c6 6. g4 Qa5 7. Qe2 g6 8. g5 Nh5
9. Be3 Bg7 10. Qd2 a6 11. O-O-O O-O 12. Kb1 Re8 13. Bd3 b5 14. a3 Nf8 15. Be2
Bb7 16. dxe5 dxe5 17. Na2 Qc7 18. Qd6 Qxd6 19. Rxd6 Nf4 20. Nc1 N8e6 21. Rd7 Bc8
22. Rd2 Bb7 23. Rd7 Bc8 24. Rd2 Bb7 25. Rd7 1/2-1/2

[Event "Druzynowe Mistrzostwa Polski w Szachach I LIGA 2021"]
[Site "Szklarska Poreba"]
[Date "1899-12-30"]
[Round "9.33"]
[White "Tomaszewski, Kacper"]
[Black "Kyc, Jerzy"]
[Result "1/2-1/2"]
[WhiteTitle "FM"]
[BlackTitle "m"]
[WhiteElo "2302"]
[BlackElo "2252"]

1. d4 d5 2. c4 c6 3. Nc3 Nf6 4. Nf3 e6 5. Bg5 Nbd7 6. e3 Be7 7. Qc2 O-O 8. a3 b6
9. cxd5 cxd5 10. Bd3 Bb7 11. O-O a6 12. Rfc1 h6 13. Bh4 b5 14. Na2 Rc8 15. Qe2
Rxc1+ 16. Rxc1 Qb6 17. Ne5 Bd6 18. Bg3 Rc8 19. Rxc8+ Bxc8 20. Qc2 Bb7 1/2-1/2

[Event "Druzynowe Mistrzostwa Polski w Szachach I LIGA 2021"]
[Site "Szklarska Poreba"]
[Date "1899-12-30"]
[Round "9.36"]
[White "Trybowska, Barbara"]
[Black "Kroliczek, Gabriela"]
[Result "0-1"]
[WhiteTitle "I++"]
[BlackTitle "k"]
[WhiteElo "1806"]
[BlackElo "1889"]

1. d4 Nf6 2. Bf4 d5 3. e3 c5 4. c3 Nc6 5. Nf3 Qb6 6. Qb3 c4 7. Qc2 Bf5 8. Qc1 h6
9. Nbd2 Qd8 10. Ne5 Rc8 11. f3 e6 12. g4 Bh7 13. Be2 Nxe5 14. Bxe5 Nd7 15. Bg3
b5 16. O-O Be7 17. Qe1 Nb6 18. a3 Na4 19. Qc1 O-O 20. Bd1 Nb6 21. Bc2 a5 22. Bxh7+
Kxh7 23. Qc2+ Kg8 24. f4 Qd7 25. Nf3 Bd6 26. Ne5 Bxe5 27. fxe5 Qe7 28. h4 Ra8
29. Kg2 b4 30. Rf2 Qd7 31. Raf1 bxa3 32. bxa3 Qa4 33. Qa2 Qb3 34. Qa1 Na4 35.
Rc1 Rab8 36. Kh3 Rb7 37. g5 h5 38. Re2 Rfb8 39. Rf2 Nb2 40. Rb1 Qxc3 41. Re2 Na4
42. Qxc3 Nxc3 43. Rxb7 Rxb7 44. Rc2 Rb3 45. Be1 Ne4 46. Bxa5 Rxe3+ 47. Kg2 Rxa3
48. Bb6 Rb3 49. Ba7 c3 50. Rc1 Rb2+ 51. Kf3 Rh2 52. Bb6 Rxh4 0-1

[Event "Druzynowe Mistrzostwa Polski w Szachach I LIGA 2021"]
[Site "Szklarska Poreba"]
[Date "1899-12-30"]
[Round "9.37"]
[White "Stachowiak, Kamil"]
[Black "Kosakowski, Jakub"]
[Result "1/2-1/2"]
[WhiteTitle "IM"]
[BlackTitle "IM"]
[WhiteElo "2470"]
[BlackElo "2445"]

1. c4 Nf6 2. g3 e6 3. Nf3 d5 4. b3 Be7 5. Bb2 O-O 6. Bg2 b6 7. O-O Bb7 8. cxd5
Nxd5 9. d4 Nf6 10. Nbd2 c5 11. Nc4 Nbd7 12. e3 Rc8 13. Qe2 Rc7 14. Rac1 cxd4 15.
Bxd4 Qc8 16. Bb2 Bd5 17. Nce5 Rxc1 18. Rxc1 Qb7 19. Nxd7 Nxd7 20. Ne1 Bxg2 21.
Nxg2 Bf6 22. Bxf6 Nxf6 23. Ne1 Rd8 24. Nf3 Ne4 25. Nd4 Rc8 1/2-1/2

[Event "Druzynowe Mistrzostwa Polski w Szachach I LIGA 2021"]
[Site "Szklarska Poreba"]
[Date "1899-12-30"]
[Round "9.38"]
[White "Pacan-milej, Kosma"]
[Black "Dobrowolski, Piotr"]
[Result "1/2-1/2"]
[WhiteTitle "FM"]
[BlackTitle "IM"]
[WhiteElo "2401"]
[BlackElo "2413"]

1. d4 Nf6 2. c4 g6 3. Nc3 Bg7 4. e4 O-O 5. h3 d6 6. Be3 e5 7. d5 Na6 8. g4 Nc5
9. f3 a5 10. Qd2 c6 11. Nge2 cxd5 12. cxd5 a4 13. h4 Bd7 14. Ng3 Qa5 15. h5 a3
16. b4 Qxb4 17. Rb1 Qa5 18. h6 Bh8 19. Nb5 Ne8 20. Be2 Bf6 21. Qxa5 Rxa5 22. Kd2
Bxb5 23. Rxb5 Rxb5 24. Bxb5 Nc7 25. Rb1 Rb8 26. Ne2 Bh4 27. Nc3 Bg3 28. Ne2 Bh4
29. Nc3 Bg3 30. Ne2 Bh4 1/2-1/2

[Event "Druzynowe Mistrzostwa Polski w Szachach I LIGA 2021"]
[Site "Szklarska Poreba"]
[Date "1899-12-30"]
[Round "9.39"]
[White "Ochedzan, Tymon"]
[Black "Olsen, Filip Boe"]
[Result "1/2-1/2"]
[WhiteTitle "FM"]
[BlackTitle "IM"]
[WhiteElo "2300"]
[BlackElo "2378"]

1. e4 c6 2. d4 d5 3. f3 e6 4. Nc3 Bb4 5. Bd2 Ne7 6. h4 Nd7 7. Qe2 dxe4 8. fxe4
e5 9. d5 Bxc3 10. Bxc3 cxd5 11. exd5 Nxd5 12. Bxe5 O-O 13. O-O-O Qa5 14. Bd6 Rd8
15. Qb5 Qxb5 16. Bxb5 Ne3 17. Re1 Nf6 18. Be7 Rd5 19. Bxf6 gxf6 20. Rxe3 Rxb5
21. Re8+ Kg7 22. h5 Kh6 23. Nf3 b6 24. Nd4 Re5 25. Rf8 Kg7 26. Rd8 Bb7 27. Rd7
Be4 28. Rh4 a6 29. Rg4+ Kf8 30. Rf4 Bxg2 31. Rxf6 Bd5 32. h6 b5 33. b3 b4 34.
Kb2 a5 35. c4 bxc3+ 36. Kxc3 a4 37. Rc7 axb3 38. axb3 Re3+ 39. Kb4 Rb8+ 40. Ka5
Re4 41. Nc6 Rxb3 42. Rd6 Bxc6 43. Rdxc6 Re8 44. Rc8 Rh3 45. Rxe8+ Kxe8 46. Kb4
Kd7 47. Ra6 Rg3 48. Kc4 Rg6 49. Ra7+ Ke6 50. Kd4 Kf6 51. Ke4 Rxh6 52. Kf4 Rh4+
53. Kg3 Rb4 54. Ra8 Kg7 55. Rc8 h5 56. Kh3 f6 57. Ra8 Kg6 58. Rg8+ Kf5 59. Ra8
Kg5 60. Rg8+ Kf4 61. Rf8 f5 62. Kh4 Kf3+ 63. Kxh5 f4 64. Kh4 Kg2 65. Rg8+ Kf2
66. Ra8 f3+ 67. Kh3 Rb2 68. Ra1 Rd2 69. Rb1 Rd3 70. Ra1 Rd8 71. Ra2+ Ke3 72. Ra3+
Ke2 73. Ra2+ Rd2 74. Ra1 Kf2 75. Rb1 Re2 76. Ra1 Re3 77. Rb1 Rd3 78. Ra1 Rb3 79.
Rc1 Rb8 80. Rc2+ Ke3 81. Rc3+ Ke2 82. Rc2+ Ke1 83. Rc1+ Ke2 84. Rc2+ Ke1 85. Rc1+
Kd2 86. Ra1 Rf8 87. Ra2+ Kc3 88. Kg3 1/2-1/2

[Event "Druzynowe Mistrzostwa Polski w Szachach I LIGA 2021"]
[Site "Szklarska Poreba"]
[Date "1899-12-30"]
[Round "9.40"]
[White "Maksimenko, Andrei"]
[Black "Luberanski, Jakub"]
[Result "1-0"]
[WhiteTitle "GM"]
[BlackTitle "FM"]
[WhiteElo "2460"]
[BlackElo "2188"]

1. Nf3 Nf6 2. c4 e6 3. Nc3 d5 4. d4 dxc4 5. e3 a6 6. Bxc4 b5 7. Bd3 Bb7 8. a4 b4
9. Nb1 c5 10. Nbd2 cxd4 11. exd4 Be7 12. O-O O-O 13. Nc4 Nbd7 14. a5 Rc8 15. Bf4
Rc6 16. Nfe5 Nxe5 17. dxe5 Nd5 18. Bg3 Rc5 19. Qe2 Qd7 20. Rfd1 Qc6 21. Qe4 g6
22. Bf1 Qc8 23. Qd4 Rd8 24. Bh4 g5 25. Bxg5 Bxg5 26. Qg4 Kh8 27. Qxg5 Rg8 28.
Qh4 Qc6 29. Nd6 Qc7 30. Rxd5 Rxd5 31. Qf6+ Rg7 32. Qxg7+ Kxg7 33. Ne8+ Kg6 34.
Nxc7 Rd2 35. Bxa6 Bxa6 36. Nxa6 Rxb2 37. Nc5 b3 38. a6 Ra2 39. Nxb3 1-0

[Event "Druzynowe Mistrzostwa Polski w Szachach I LIGA 2021"]
[Site "Szklarska Poreba"]
[Date "1899-12-30"]
[Round "9.41"]
[White "Kolasinski, Krzysztof"]
[Black "Boe, Mads"]
[Result "1/2-1/2"]
[WhiteTitle "k"]
[BlackTitle "FM"]
[WhiteElo "2112"]
[BlackElo "2247"]

1. d4 f5 2. Nc3 d5 3. Bg5 g6 4. h4 Bg7 5. e3 c6 6. Bd3 Be6 7. Nge2 h6 8. Bf4 Nf6
9. h5 g5 10. Be5 O-O 11. Ng3 Ne4 12. Bxg7 Kxg7 13. Ngxe4 fxe4 14. Be2 Nd7 15.
Bg4 Bf5 16. Bxf5 Rxf5 17. Qg4 e6 18. f4 exf3 19. gxf3 Nf6 20. Qh3 Qe7 21. O-O-O
Kh8 22. Rdf1 Rf8 23. Ne2 Nh7 24. Qg4 R5f7 25. Qg3 Qc7 26. f4 Nf6 27. Qh3 Qe7 28.
fxg5 hxg5 29. Ng3 Nh7 30. e4 1/2-1/2

[Event "Druzynowe Mistrzostwa Polski w Szachach I LIGA 2021"]
[Site "Szklarska Poreba"]
[Date "1899-12-30"]
[Round "9.42"]
[White "Kubicka, Anna"]
[Black "Dmochowska, Agnieszka"]
[Result "1-0"]
[WhiteTitle "WIM"]
[BlackTitle "WFM"]
[WhiteElo "2274"]
[BlackElo "2091"]

1. e4 e6 2. d4 d5 3. Nd2 Be7 4. Bd3 c5 5. dxc5 Bxc5 6. Ngf3 Nf6 7. Qe2 Nc6 8. O-O
Qc7 9. c3 Be7 10. Re1 dxe4 11. Nxe4 Nd5 12. Bc2 h6 13. Ng3 Bd7 14. Nh5 g6 15.
c4 Ndb4 16. Bf4 Qa5 17. Ng3 Nxc2 18. Qxc2 g5 19. Bd2 Qc7 20. Bc3 Rg8 21. Ne5 Nxe5
22. Bxe5 Qa5 23. Qh7 O-O-O 24. Qxf7 Bb4 25. Re2 Rdf8 26. Qh7 Qc5 27. a3 Ba5 28.
b4 1-0

[Event "Druzynowe Mistrzostwa Polski w Szachach I LIGA 2021"]
[Site "Szklarska Poreba"]
[Date "1899-12-30"]
[Round "9.43"]
[White "Ustianovich, Nazar"]
[Black "Tomczak, Mikolaj"]
[Result "0-1"]
[WhiteTitle "FM"]
[BlackTitle "IM"]
[WhiteElo "2348"]
[BlackElo "2435"]

1. d4 d5 2. Bf4 Nf6 3. e3 e6 4. Nd2 Bd6 5. Bg3 O-O 6. Bd3 c5 7. c3 Qc7 8. Bxd6
Qxd6 9. f4 b6 10. Qe2 a5 11. Ngf3 Ba6 12. O-O Bxd3 13. Qxd3 Nbd7 14. Ne5 b5 15.
Nxd7 Nxd7 16. e4 c4 17. Qc2 f5 18. exd5 exd5 19. Rae1 g6 20. g3 Rfe8 21. h3 Re7
22. Nf3 Rae8 23. Kf2 Rxe1 24. Rxe1 Rxe1 25. Kxe1 Nf6 26. Nd2 h5 27. Qd1 h4 28.
gxh4 Qxf4 29. Qe2 Qxh4+ 30. Kd1 Ne4 31. Qg2 Kg7 32. Nf3 Qf4 33. Ne5 g5 34. Nc6
Qe3 35. Kc2 Nf2 36. Qf1 f4 37. Ne5 b4 38. b3 0-1

[Event "Druzynowe Mistrzostwa Polski w Szachach I LIGA 2021"]
[Site "Szklarska Poreba"]
[Date "1899-12-30"]
[Round "9.44"]
[White "Wisniewski, Michal"]
[Black "Pniaczek, Marek"]
[Result "1/2-1/2"]
[WhiteTitle "FM"]
[BlackTitle "CM"]
[WhiteElo "2152"]
[BlackElo "2314"]

1. d4 Nf6 2. Bf4 g6 3. Nf3 Bg7 4. e3 d6 5. h3 O-O 6. Bc4 b6 7. O-O Bb7 8. Nbd2
c5 9. c3 Nbd7 10. a4 a6 11. Bh2 d5 12. Bd3 Ne4 13. Bb1 Ndf6 14. Qb3 Rc8 15. Rd1
c4 16. Qa2 e6 17. Bc2 Re8 18. Qb1 Bf8 19. Be5 Nxd2 20. Nxd2 Nd7 21. Bg3 e5 22.
b3 exd4 23. exd4 cxb3 24. Qxb3 Qf6 25. Bd3 Qc6 26. Rac1 Bh6 27. Bf1 Nf6 28. c4
dxc4 29. Rxc4 Qe6 30. Rxc8 Rxc8 31. Qxe6 fxe6 32. Nc4 Ne4 33. Nxb6 Rc6 34. Nc4
Nxg3 35. fxg3 Rc7 36. Rb1 Bd5 37. Nd6 Be3+ 38. Kh2 Rc6 39. Rb8+ Kg7 40. Rb7+ Kg8
41. Rb8+ Kg7 42. Rb7+ Kf8 43. Rb8+ Ke7 44. Nc8+ Kf6 45. Nb6 Bxd4 46. Nxd5+ exd5
47. Ra8 Rc1 48. Rxa6+ Ke5 49. Be2 Bg1+ 50. Kh1 Bf2+ 51. Kh2 Bg1+ 1/2-1/2

[Event "Druzynowe Mistrzostwa Polski w Szachach I LIGA 2021"]
[Site "Szklarska Poreba"]
[Date "1899-12-30"]
[Round "9.45"]
[White "Smolka, Marcin"]
[Black "Brozyna, Mateusz"]
[Result "1-0"]
[WhiteTitle "k"]
[BlackTitle "FM"]
[WhiteElo "2210"]
[BlackElo "2297"]

1. e4 e5 2. Nf3 Nc6 3. Bc4 Bc5 4. d3 Nf6 5. c3 d6 6. h3 O-O 7. Bb3 a6 8. Nbd2 Ba7
9. Nf1 d5 10. Qe2 Re8 11. Ng3 h6 12. O-O Be6 13. Be3 d4 14. Bc1 Bc5 15. Nh4 Qd7
16. Nhf5 Ne7 17. Qf3 Nxf5 18. exf5 Bxb3 19. axb3 dxc3 20. bxc3 Rad8 21. Ne4 Nxe4
22. dxe4 f6 23. Qg4 Kh8 24. b4 Bf8 25. Be3 Qc6 26. Rac1 Rd3 27. Rfd1 Red8 28.
Rxd3 Rxd3 29. Qg6 Rd8 30. Qf7 b6 31. Ra1 Ra8 32. Rd1 Qe8 33. Qxc7 a5 34. Qxb6
a4 35. Ra1 a3 36. Ra2 Qa4 37. Qe6 Qd1+ 38. Kh2 Qb1 39. Qd5 Ra6 40. Qc4 Rc6 41.
Qf7 Rc8 42. Rxa3 Qxe4 43. Qd7 Rb8 44. Ra7 Ra8 45. Rxa8 Qxa8 46. b5 1-0

[Event "Druzynowe Mistrzostwa Polski w Szachach I LIGA 2021"]
[Site "Szklarska Poreba"]
[Date "1899-12-30"]
[Round "9.46"]
[White "Zochowski, Kacper"]
[Black "Musial, Tomasz"]
[Result "1/2-1/2"]
[WhiteTitle "FM"]
[BlackTitle "k"]
[WhiteElo "2233"]
[BlackElo "2096"]

1. Nf3 Nf6 2. c4 e6 3. g3 b6 4. Bg2 Bb7 5. O-O Be7 6. b3 O-O 7. Bb2 d5 8. e3 c5
9. Nc3 Nbd7 10. Qe2 Rc8 11. Rfd1 Qc7 12. Rac1 Qb8 13. cxd5 Nxd5 14. Nxd5 Bxd5
15. e4 Bb7 16. d4 cxd4 17. Nxd4 Rxc1 18. Bxc1 Nf6 19. f3 Bc5 20. Be3 Rd8 21. Nc2
Bxe3+ 22. Nxe3 Qc7 23. Rxd8+ Qxd8 24. Qd1 Qxd1+ 25. Nxd1 Kf8 26. Kf2 Ke7 27. Ke3
Nd7 28. Nc3 Ba6 29. f4 f6 30. Bh3 Kd6 31. Bg4 Ke5 1/2-1/2

[Event "Druzynowe Mistrzostwa Polski w Szachach I LIGA 2021"]
[Site "Szklarska Poreba"]
[Date "1899-12-30"]
[Round "9.47"]
[White "Bielczyk, Jacek"]
[Black "Adamczewski, Maciej"]
[Result "1/2-1/2"]
[WhiteTitle "IM"]
[BlackTitle "k"]
[WhiteElo "2264"]
[BlackElo "2011"]

1. e4 e6 2. d4 d5 3. exd5 exd5 4. c4 Nf6 5. Nc3 dxc4 6. Bxc4 Bd6 7. Nf3 Qe7+ 8.
Be3 Be6 9. Bxe6 Qxe6 10. d5 Qg4 11. O-O O-O 12. h3 Qh5 13. Qb3 b6 14. Rad1 a6
15. Ne2 Qf5 16. Ng3 Qd7 17. Bg5 Qb5 18. Bxf6 Qxb3 19. axb3 gxf6 20. Nf5 Bc5 21.
Rfe1 Nd7 22. Re4 Rfe8 23. Rg4+ Kh8 24. b4 Bf8 25. Rc4 Ne5 26. Rxc7 Nxf3+ 27. gxf3
Re5 28. Ne3 Rd8 29. Rxf7 Bxb4 30. Rxf6 Bc5 31. d6 Bxe3 32. fxe3 Kg7 33. Rf4 Rxe3
34. d7 Re2 35. b4 a5 36. bxa5 bxa5 37. Ra4 Re7 38. Rxa5 Rdxd7 39. Rxd7 Rxd7 40.
Kf2 Rd2+ 41. Kg3 Rb2 42. h4 Rb1 43. Kg4 Rb4+ 44. f4 Rb1 45. h5 Kf6 46. Ra7 Rg1+
47. Kf3 Rf1+ 48. Kg3 h6 49. Rh7 Kf5 50. Rf7+ Ke6 51. Rf8 Rh1 52. Ra8 Rxh5 53.
Kg4 Rh1 54. Ra6+ Kf7 55. Rb6 Rh2 1/2-1/2

[Event "Druzynowe Mistrzostwa Polski w Szachach I LIGA 2021"]
[Site "Szklarska Poreba"]
[Date "1899-12-30"]
[Round "9.48"]
[White "Rudzinska, Michalina"]
[Black "Murawko, Katarzyna"]
[Result "1-0"]
[WhiteTitle "WFM"]
[BlackTitle "WCM"]
[WhiteElo "2222"]
[BlackElo "1974"]

1. e4 d6 2. d4 Nf6 3. Nc3 g6 4. f4 Bg7 5. Nf3 c6 6. Bd3 b5 7. a3 O-O 8. O-O Bb7
9. Qe2 a5 10. e5 dxe5 11. dxe5 Nfd7 12. e6 Nc5 13. exf7+ Rxf7 14. Ng5 Nxd3 15.
Qe6 Qd4+ 16. Kh1 Qc4 17. Qxf7+ Qxf7 18. Nxf7 Nxc1 19. Ne5 b4 20. axb4 axb4 21.
Rxa8 Bxa8 22. Na4 Bh6 23. Nc5 Ne2 24. Ned3 Na6 25. Nxa6 b3 26. cxb3 Bb7 27. Nac5
Bc8 28. Re1 Nxf4 29. Nxf4 Bxf4 30. Rxe7 Bf5 31. Rb7 h5 32. Rb6 Bc1 33. Rxc6 Bxb2
34. b4 Kf7 35. b5 Be5 36. b6 h4 37. b7 h3 38. Rc8 1-0

[Event "Druzynowe Mistrzostwa Polski w Szachach I LIGA 2021"]
[Site "Szklarska Poreba"]
[Date "1899-12-30"]
[Round "9.49"]
[White "Klimkowski, Jan"]
[Black "Marczuk, Dominik"]
[Result "1-0"]
[WhiteTitle "FM"]
[BlackTitle "FM"]
[WhiteElo "2342"]
[BlackElo "2280"]

1. e4 c5 2. Nf3 g6 3. d4 cxd4 4. Nxd4 Nc6 5. c4 Nf6 6. Nc3 d6 7. Be2 Nxd4 8. Qxd4
Bg7 9. Bg5 O-O 10. Qe3 Be6 11. O-O Qa5 12. Rac1 Rfc8 13. b3 a6 14. f4 Qc5 15.
Qxc5 Rxc5 16. Bf3 Rac8 17. e5 dxe5 18. Bxb7 R8c7 19. Bxa6 Ng4 20. f5 gxf5 21.
h3 Nf6 22. Bb5 Rb7 23. Rfd1 h6 24. Bh4 Nh5 25. Ba6 Rb8 26. Bxe7 Ra5 27. Bb5 e4
28. a4 Raa8 29. Bd6 Rd8 30. Ne2 Bf8 31. Bxf8 Kxf8 32. Bc6 Rab8 33. Rxd8+ Rxd8
34. a5 Bc8 35. Bd5 Ke7 36. b4 Ba6 37. Kf2 Kf6 38. b5 Bxb5 39. cxb5 Rxd5 40. Rb1
Rd2 41. Ke1 Ra2 42. b6 f4 43. b7 f3 44. gxf3 exf3 45. b8=Q Rxe2+ 46. Kd1 1-0

[Event "Druzynowe Mistrzostwa Polski w Szachach I LIGA 2021"]
[Site "Szklarska Poreba"]
[Date "1899-12-30"]
[Round "9.50"]
[White "Chmiel, Marcin"]
[Black "Szadkowski, Kamil"]
[Result "0-1"]
[WhiteTitle "k+"]
[BlackTitle "FM"]
[WhiteElo "2232"]
[BlackElo "2338"]

1. c4 e5 2. Nc3 Nf6 3. Nf3 Nc6 4. e3 d5 5. cxd5 Nxd5 6. Bb5 Nxc3 7. bxc3 Bd6 8.
O-O O-O 9. e4 Bg4 10. h3 Bh5 11. g4 Bg6 12. Bxc6 bxc6 13. d3 Qe7 14. Be3 Bc5 15.
Qe2 Bb6 16. a4 Ba5 17. Qa2 h5 18. Qc4 hxg4 19. hxg4 Rfe8 20. Kg2 Qe6 21. Qxe6
Rxe6 22. Rab1 Bxc3 23. Rfc1 Ba5 24. Bd2 Bxd2 25. Nxd2 Rd6 26. Rb3 f6 27. Kf3 Bf7
28. Ra3 a5 29. Rc5 Kf8 30. Ke3 Ke7 31. Nf3 Be6 32. d4 exd4+ 33. Nxd4 Bxg4 34.
Nxc6+ Kd7 35. Rac3 Rh8 36. Nd4 c6 37. Rxa5 Rh1 38. Ra7+ Ke8 39. f3 Bd7 40. Rb3
g6 41. Rb8+ Ke7 42. Rg8 Kf7 43. Rd8 Ke7 44. Nxc6+ Rxc6 45. Rdxd7+ Ke6 46. Re7+
Kd6 47. Rf7 Kc5 48. Rac7 Rxc7 49. Rxc7+ Kd6 50. Ra7 Re1+ 51. Kf4 Ra1 52. a5 Ke6
53. a6 g5+ 54. Kg3 Ke5 55. Ra8 Rg1+ 56. Kf2 Ra1 57. a7 Kf4 58. e5 Ra2+ 59. Ke1
Ke3 60. Rd8 Ra1+ 61. Rd1 Rxa7 62. exf6 Rh7 63. Kf1 Rh1+ 64. Kg2 Rxd1 65. f7 Rd8
66. Kg3 Rf8 0-1

[Event "Druzynowe Mistrzostwa Polski w Szachach I LIGA 2021"]
[Site "Szklarska Poreba"]
[Date "1899-12-30"]
[Round "9.51"]
[White "Snihur, Piotr"]
[Black "Gbyl, Andrzej"]
[Result "1-0"]
[WhiteTitle "k+"]
[BlackTitle "k+"]
[WhiteElo "2272"]
[BlackElo "2204"]

1. d4 Nf6 2. c4 g6 3. Nc3 Bg7 4. e4 d6 5. Nf3 O-O 6. Be2 Bg4 7. Be3 Nfd7 8. O-O
Na6 9. h3 Bxf3 10. Bxf3 c5 11. Rc1 Nc7 12. dxc5 Nxc5 13. Bd4 Bxd4 14. Qxd4 e5
15. Qd2 N5e6 16. Bg4 Nd4 17. f4 f6 18. f5 g5 19. Ne2 Nxe2+ 20. Bxe2 Qe7 21. Rfd1
Rfd8 22. Rc3 Rd7 23. Rd3 Rad8 24. Qa5 a6 25. Qb6 Ne8 26. R1d2 Kh8 27. Bh5 Ng7
28. Bd1 Rc8 29. Ba4 Rdc7 30. Rxd6 Nh5 31. Kh2 Qf8 32. Bd7 1-0